[Event "National Elementary Championship"]
[Site "Columbus, Ohio, United States"]
[Date "2022.05.14"]
[Round "5.11"]
[White "Das, Aditeya"]
[Black "Liu, Aiden"]
[Result "0-1"]
[TimeControl "G/90;d5"]
[WhiteElo "1995"]
[BlackElo "2015"]

1. e4 {[%clk 01:30:00]} {[%emt 00:00:01]} e5 {[%clk 01:30:00]} {[%emt
00:00:05]} 2. Nf3 {[%clk 01:30:00]} {[%emt 00:00:03]} Nc6 {[%clk 01:30:00]}
{[%emt 00:00:03]} 3. Bc4 {[%clk 01:30:00]} {[%emt 00:00:04]} Nf6 {[%clk
01:30:00]} {[%emt 00:00:03]} 4. d3 {[%clk 01:30:00]} {[%emt 00:00:04]} Bc5
{[%clk 01:30:00]} {[%emt 00:00:02]} 5. O-O {[%clk 01:30:00]} {[%emt 00:00:05]}
d6 {[%clk 01:30:00]} {[%emt 00:00:02]} 6. h3 {[%clk 01:30:00]} {[%emt
00:00:03]} O-O {[%clk 01:29:56]} {[%emt 00:00:09]} 7. Be3 {[%clk 01:30:00]}
{[%emt 00:00:03]} Bb6 {[%clk 01:29:37]} {[%emt 00:00:24]} 8. Nc3 {[%clk
01:30:00]} {[%emt 00:00:03]} Be6 {[%clk 01:29:36]} {[%emt 00:00:06]} 9. Nd5
{[%clk 01:30:00]} {[%emt 00:00:06]} Bxe3 {[%clk 01:14:52]} {[%emt 00:14:47]} 10.
fxe3 {[%clk 01:30:00]} {[%emt 00:00:04]} Na5 {[%clk 01:14:24]} {[%emt
00:00:34]} 11. Nxf6+ {[%clk 01:27:04]} {[%emt 00:03:01]} Qxf6 {[%clk 01:14:23]}
{[%emt 00:00:06]} 12. Bxe6 {[%emt 00:02:16]} Qxe6 {[%clk 01:12:43]} {[%emt
00:00:57]} 13. c4 {[%clk 01:25:29]} {[%emt 00:00:17]} Nc6 {[%clk 01:09:56]}
{[%emt 00:02:52]} 14. a3 {[%clk 01:24:41]} {[%emt 00:00:53]} a5 {[%clk
01:09:51]} {[%emt 00:00:10]} 15. b3 {[%clk 01:23:20]} {[%emt 00:01:26]} f5
{[%clk 01:07:07]} {[%emt 00:02:49]} 16. exf5 {[%clk 01:20:53]} {[%emt
00:02:32]} Qxf5 {[%clk 01:06:59]} {[%emt 00:00:13]} 17. e4 {[%clk 01:19:37]}
{[%emt 00:01:21]} Qd7 {[%clk 01:03:20]} {[%emt 00:03:44]} 18. Qd2 {[%clk
01:19:13]} {[%emt 00:00:29]} Ne7 {[%clk 00:59:00]} {[%emt 00:04:25]} 19. Kh2
{[%clk 01:14:47]} {[%emt 00:04:30]} Ng6 {[%clk 00:58:14]} {[%emt 00:00:52]} 20.
g3 {[%clk 01:13:54]} {[%emt 00:00:58]} b6 {[%clk 00:56:42]} {[%emt 00:01:37]}
21. b4 {[%clk 01:12:58]} {[%emt 00:01:01]} Rf6 {[%clk 00:54:29]} {[%emt
00:02:17]} 22. Kg2 {[%clk 01:11:06]} {[%emt 00:01:57]} h6 {[%clk 00:51:34]}
{[%emt 00:03:01]} 23. Nh2 {[%clk 01:07:48]} {[%emt 00:03:23]} Rxf1 {[%clk
00:50:58]} {[%emt 00:00:42]} 24. Nxf1 {[%clk 01:07:04]} {[%emt 00:00:49]} axb4
{[%clk 00:50:56]} {[%emt 00:00:07]} 25. Qxb4 {[%clk 01:07:04]} {[%emt
00:00:03]} Ne7 {[%clk 00:49:17]} {[%emt 00:01:44]} 26. Ne3 {[%clk 01:06:54]}
{[%emt 00:00:15]} Nc6 {[%clk 00:49:11]} {[%emt 00:00:12]} 27. Qb5 {[%clk
01:06:54]} {[%emt 00:00:05]} Ra5 {[%clk 00:49:11]} {[%emt 00:00:04]} 28. Qb2
{[%clk 01:06:25]} {[%emt 00:00:32]} Nd4 {[%clk 00:48:57]} {[%emt 00:00:21]} 29.
Nd5 {[%clk 01:05:29]} {[%emt 00:01:01]} b5 {[%clk 00:44:24]} {[%emt 00:04:38]}
30. Qc3 {[%clk 01:04:01]} {[%emt 00:01:32]} Ra7 {[%emt 00:03:35]} 31. cxb5
{[%clk 00:59:51]} {[%emt 00:04:13]} Qxb5 {[%clk 00:38:40]} {[%emt 00:02:23]} 32.
Nxc7 {[%clk 00:58:19]} {[%emt 00:01:37]} Rxc7 {[%clk 00:38:21]} {[%emt
00:00:23]} 33. Qxc7 {[%clk 00:57:06]} {[%emt 00:01:18]} Qb2+ {[%clk 00:38:21]}
{[%emt 00:00:03]} 34. Kg1 {[%clk 00:57:02]} {[%emt 00:00:06]} Qxa1+ {[%clk
00:38:21]} {[%emt 00:00:05]} 35. Kf2 {[%clk 00:56:46]} {[%emt 00:00:20]} Qb2+
{[%clk 00:38:21]} {[%emt 00:00:06]} 36. Kg1 {[%clk 00:56:37]} {[%emt 00:00:13]}
Qxa3 {[%clk 00:37:53]} {[%emt 00:00:34]} 37. Qc4+ {[%clk 00:55:54]} {[%emt
00:00:48]} Kh7 {[%clk 00:36:27]} {[%emt 00:01:31]} 38. h4 {[%clk 00:55:39]}
{[%emt 00:00:20]} Qc1+ {[%clk 00:36:02]} {[%emt 00:00:28]} 0-1

[Event "National Elementary Championship"]
[Site "Columbus, Ohio, United States"]
[Date "2022.05.14"]
[Round "5.12"]
[White "Mansurov, Yusuf"]
[Black "Rajaram, Rohan"]
[Result "1/2-1/2"]
[TimeControl "G/90;d5"]
[WhiteElo "1919"]
[BlackElo "2042"]

1. e4 {[%clk 01:30:00]} {[%emt 00:00:01]} c5 {[%clk 01:30:00]} {[%emt
00:00:05]} 2. c3 {[%clk 01:30:00]} {[%emt 00:00:03]} d5 {[%clk 01:30:00]}
{[%emt 00:00:04]} 3. exd5 {[%clk 01:30:00]} {[%emt 00:00:04]} Qxd5 {[%clk
01:30:00]} {[%emt 00:00:05]} 4. d4 {[%clk 01:30:00]} {[%emt 00:00:05]} Nf6
{[%clk 01:30:00]} {[%emt 00:00:05]} 5. Nf3 {[%clk 01:29:58]} {[%emt 00:00:07]}
Bg4 {[%clk 01:29:59]} {[%emt 00:00:06]} 6. Be2 {[%clk 01:29:58]} {[%emt
00:00:05]} e6 {[%clk 01:29:57]} {[%emt 00:00:07]} 7. h3 {[%clk 01:29:54]}
{[%emt 00:00:08]} Bh5 {[%clk 01:29:55]} {[%emt 00:00:08]} 8. Na3 {[%clk
01:29:40]} {[%emt 00:00:19]} a6 {[%clk 01:28:43]} {[%emt 00:01:17]} 9. Nc2
{[%clk 01:29:23]} {[%emt 00:00:21]} Be7 {[%clk 01:28:04]} {[%emt 00:00:44]} 10.
O-O {[%clk 01:29:00]} {[%emt 00:00:29]} O-O {[%clk 01:27:28]} {[%emt 00:00:41]}
11. Be3 {[%clk 01:27:22]} {[%emt 00:01:43]} Nc6 {[%clk 01:24:48]} {[%emt
00:02:44]} 12. dxc5 {[%clk 01:25:14]} {[%emt 00:02:13]} Ne4 {[%clk 01:23:42]}
{[%emt 00:01:11]} 13. Qxd5 {[%clk 01:22:29]} {[%emt 00:02:51]} exd5 {[%clk
01:23:39]} {[%emt 00:00:08]} 14. Rfd1 {[%clk 01:21:32]} {[%emt 00:01:01]} Rad8
{[%clk 01:20:49]} {[%emt 00:02:56]} 15. Nb4 {[%clk 01:20:44]} {[%emt 00:00:53]}
Nxb4 {[%clk 01:19:58]} {[%emt 00:00:57]} 16. cxb4 {[%clk 01:19:56]} {[%emt
00:00:52]} Rfe8 {[%clk 01:18:34]} {[%emt 00:01:29]} 17. Rac1 {[%clk 01:17:45]}
{[%emt 00:02:16]} Bf6 {[%clk 01:15:11]} {[%emt 00:03:28]} 18. Rc2 {[%clk
01:15:12]} {[%emt 00:02:38]} h6 {[%clk 01:08:06]} {[%emt 00:07:11]} 19. Kf1
{[%clk 01:09:21]} {[%emt 00:05:55]} Ng3+ {[%clk 01:03:14]} {[%emt 00:04:57]} 20.
fxg3 {[%clk 01:07:56]} {[%emt 00:01:30]} Rxe3 {[%clk 01:03:09]} {[%emt
00:00:10]} 21. g4 {[%clk 01:04:56]} {[%emt 00:03:05]} Bg6 {[%clk 01:02:32]}
{[%emt 00:00:43]} 22. Rcd2 {[%clk 01:02:50]} {[%emt 00:02:11]} Rde8 {[%clk
01:01:05]} {[%emt 00:01:32]} 23. b5 {[%clk 00:49:57]} {[%emt 00:12:57]} axb5
{[%clk 00:57:03]} {[%emt 00:04:07]} 24. Bxb5 {[%clk 00:49:36]} {[%emt
00:00:26]} Rc8 {[%clk 00:55:25]} {[%emt 00:01:44]} 25. Kf2 {[%clk 00:43:31]}
{[%emt 00:06:09]} Re7 {[%clk 00:50:57]} {[%emt 00:04:33]} 26. g5 {[%clk
00:31:39]} {[%emt 00:11:57]} Bxg5 {[%clk 00:46:09]} {[%emt 00:04:53]} 27. Nxg5
{[%clk 00:31:25]} {[%emt 00:00:18]} Rxc5 {[%clk 00:42:34]} {[%emt 00:03:41]} 28.
Rxd5 {[%clk 00:29:40]} {[%emt 00:01:50]} Rc2+ {[%clk 00:39:13]} {[%emt
00:03:26]} 29. R1d2 {[%clk 00:29:07]} {[%emt 00:00:39]} Rxd2+ {[%clk 00:38:40]}
{[%emt 00:00:38]} 30. Rxd2 {[%clk 00:29:07]} hxg5 {[%clk 00:38:35]} {[%emt
00:00:10]} 31. Rd8+ {[%clk 00:28:56]} {[%emt 00:00:16]} Kh7 {[%clk 00:38:29]}
{[%emt 00:00:11]} 32. Rd7 {[%clk 00:28:08]} {[%emt 00:00:52]} Re5 {[%clk
00:36:06]} {[%emt 00:02:29]} 33. Rxb7 {[%clk 00:27:41]} {[%emt 00:00:32]} Be4
{[%clk 00:33:46]} {[%emt 00:02:26]} 34. Rb8 {[%clk 00:27:30]} {[%emt 00:00:16]}
Rc5 {[%clk 00:33:08]} {[%emt 00:00:42]} 35. Ba4 {[%clk 00:26:14]} {[%emt
00:01:21]} f5 {[%clk 00:31:47]} {[%emt 00:01:27]} 36. Bb3 {[%clk 00:23:09]}
{[%emt 00:03:10]} g6 {[%clk 00:30:23]} {[%emt 00:01:29]} 37. a4 {[%clk
00:22:22]} {[%emt 00:00:52]} Kg7 {[%clk 00:29:18]} {[%emt 00:01:10]} 38. Rb4
{[%clk 00:18:28]} {[%emt 00:03:59]} Bc6 {[%emt 00:04:06]} 39. Bc4 {[%clk
00:18:07]} Kf6 {[%clk 00:24:21]} {[%emt 00:01:27]} 40. b3 {[%clk 00:17:40]}
{[%emt 00:00:32]} Ke5 {[%clk 00:23:35]} {[%emt 00:00:51]} 41. Be2 {[%clk
00:16:47]} {[%emt 00:00:58]} Bd5 {[%clk 00:22:35]} {[%emt 00:01:05]} 42. Rb6
{[%clk 00:15:46]} {[%emt 00:01:06]} Rc2 {[%clk 00:21:19]} {[%emt 00:01:21]} 43.
g3 {[%clk 00:14:27]} {[%emt 00:01:24]} Rb2 {[%clk 00:20:37]} {[%emt 00:00:47]}
44. a5 {[%clk 00:12:07]} {[%emt 00:02:26]} Ra2 {[%clk 00:18:50]} {[%emt
00:01:52]} 45. a6 {[%clk 00:11:12]} {[%emt 00:01:00]} f4 {[%clk 00:16:15]}
{[%emt 00:02:39]} 46. gxf4+ {[%clk 00:10:01]} {[%emt 00:01:16]} gxf4 {[%clk
00:16:05]} {[%emt 00:00:15]} 47. Rxg6 {[%clk 00:09:10]} {[%emt 00:00:55]} f3
{[%clk 00:15:18]} {[%emt 00:00:52]} 48. Rg5+ {[%clk 00:08:33]} {[%emt
00:00:43]} Ke4 {[%clk 00:15:12]} {[%emt 00:00:11]} 49. Rg4+ {[%clk 00:06:54]}
{[%emt 00:01:43]} Ke5 {[%clk 00:14:39]} {[%emt 00:00:39]} 50. Rg5+ {[%clk
00:06:50]} {[%emt 00:00:09]} Ke4 {[%clk 00:14:38]} {[%emt 00:00:05]} 51. Rg4+
{[%clk 00:06:50]} {[%emt 00:00:03]} Kf5 {[%clk 00:10:56]} {[%emt 00:03:47]}
1/2-1/2

[Event "National Elementary Championship"]
[Site "Columbus, Ohio, United States"]
[Date "2022.05.14"]
[Round "5.13"]
[White "Ho, Carter"]
[Black "Cheng, Christopher"]
[Result "1-0"]
[TimeControl "G/90;d5"]
[WhiteElo "2033"]
[BlackElo "1693"]

1. e4 {[%clk 01:30:00]} c5 {[%clk 01:28:59]} {[%emt 00:00:30]} 2. Nf3 {[%clk
01:30:00]} {[%emt 00:00:04]} d6 {[%clk 01:28:55]} {[%emt 00:00:10]} 3. d4
{[%clk 01:30:00]} {[%emt 00:00:03]} cxd4 {[%clk 01:28:54]} {[%emt 00:00:05]} 4.
Nxd4 {[%clk 01:30:00]} {[%emt 00:00:03]} Nf6 {[%clk 01:28:50]} {[%emt
00:00:07]} 5. Nc3 {[%clk 01:30:00]} {[%emt 00:00:08]} g6 {[%clk 01:28:48]}
{[%emt 00:00:08]} 6. Be3 {[%clk 01:30:00]} Bg7 {[%clk 01:28:48]} {[%emt
00:00:08]} 7. f3 {[%clk 01:30:00]} O-O {[%clk 01:28:46]} {[%emt 00:00:07]} 8.
Bc4 {[%clk 01:30:00]} {[%emt 00:00:07]} Nc6 {[%clk 01:28:45]} {[%emt 00:00:03]}
9. Bb3 {[%clk 01:30:00]} Bd7 {[%clk 01:28:40]} {[%emt 00:00:06]} 10. Qd2 {[%clk
01:30:00]} {[%emt 00:00:11]} Rc8 {[%clk 01:28:33]} {[%emt 00:00:05]} 11. O-O-O
{[%clk 01:30:00]} {[%emt 00:00:37]} Na5 {[%clk 01:28:23]} {[%emt 00:00:04]} 12.
Kb1 {[%clk 01:25:21]} {[%emt 00:04:22]} Nc4 {[%clk 01:28:20]} {[%emt 00:00:37]}
13. Bxc4 {[%clk 01:25:20]} {[%emt 00:00:03]} Rxc4 {[%clk 01:28:20]} 14. h4
{[%clk 01:25:18]} b5 {[%clk 01:28:16]} {[%emt 00:00:09]} 15. h5 {[%clk
01:22:09]} {[%emt 00:03:04]} Nxh5 {[%clk 01:25:25]} {[%emt 00:03:01]} 16. g4
{[%clk 01:22:06]} Nf6 {[%clk 01:25:25]} {[%emt 00:00:04]} 17. Bh6 {[%clk
01:22:03]} {[%emt 00:00:05]} Qe8 {[%clk 01:11:54]} {[%emt 00:13:37]} 18. Bxg7
{[%clk 01:18:52]} {[%emt 00:03:15]} Kxg7 {[%clk 01:11:52]} {[%emt 00:00:18]} 19.
Qh6+ {[%clk 01:18:52]} Kg8 {[%clk 01:11:52]} 20. Nd5 {[%clk 01:18:46]} {[%emt
00:00:10]} Nh5 {[%clk 01:09:17]} {[%emt 00:02:40]} 21. gxh5 {[%clk 01:18:39]}
{[%emt 00:00:09]} g5 {[%clk 01:09:16]} {[%emt 00:00:37]} 22. Qxg5+ {[%clk
01:18:34]} Kh8 {[%clk 01:09:16]} 23. Nf6 {[%clk 01:17:25]} {[%emt 00:01:00]}
Rc5 {[%clk 01:08:51]} {[%emt 00:00:30]} 24. Qh6 {[%clk 01:17:14]} {[%emt
00:00:14]} exf6 {[%clk 01:08:38]} {[%emt 00:00:18]} 25. Qxf6+ {[%clk 01:17:14]}
{[%emt 00:00:16]} Kg8 {[%clk 01:08:36]} 26. Rhg1+ {[%clk 01:17:14]} {[%emt
00:00:07]} Bg4 {[%clk 01:08:36]} 27. Rxg4+ {[%emt 00:00:07]} Rg5 {[%clk
01:08:33]} {[%emt 00:00:11]} 28. Rxg5# {[%clk 01:17:12]} 1-0

[Event "National Elementary Championship"]
[Site "Columbus, Ohio, United States"]
[Date "2022.05.14"]
[Round "5.14"]
[White "Raman, Arjun"]
[Black "Zheng, Marcus"]
[Result "0-1"]
[TimeControl "G/90;d5"]
[WhiteElo "1764"]
[BlackElo "1826"]

1. e4 {[%clk 01:30:00]} {[%emt 00:00:03]} c5 {[%clk 01:29:56]} {[%emt
00:00:05]} 2. Nf3 {[%clk 01:30:00]} {[%emt 00:00:03]} e6 {[%clk 01:29:47]}
{[%emt 00:00:14]} 3. d4 {[%clk 01:30:00]} {[%emt 00:00:04]} cxd4 {[%clk
01:29:46]} {[%emt 00:00:10]} 4. Nxd4 {[%clk 01:30:00]} {[%emt 00:00:09]} Nf6
{[%clk 01:29:36]} {[%emt 00:00:14]} 5. Nc3 {[%clk 01:30:00]} {[%emt 00:00:14]}
Nc6 {[%clk 01:29:21]} {[%emt 00:00:03]} 6. Be3 {[%clk 01:29:15]} {[%emt
00:00:49]} Bb4 {[%clk 01:28:55]} {[%emt 00:00:31]} 7. Bd3 {[%clk 01:28:49]}
{[%emt 00:00:30]} d5 {[%clk 01:28:30]} {[%emt 00:00:37]} 8. Bb5 {[%clk
01:25:27]} {[%emt 00:03:23]} Bd7 {[%clk 01:27:17]} {[%emt 00:01:17]} 9. Bxc6
{[%clk 01:24:25]} {[%emt 00:01:06]} bxc6 {[%clk 01:26:56]} {[%emt 00:00:29]} 10.
exd5 {[%clk 01:23:46]} {[%emt 00:00:41]} cxd5 {[%clk 01:26:07]} {[%emt
00:01:05]} 11. Nf3 {[%clk 01:21:01]} {[%emt 00:02:40]} Bxc3+ {[%clk 01:21:59]}
{[%emt 00:04:13]} 12. bxc3 {[%clk 01:20:41]} {[%emt 00:00:31]} Bb5 {[%clk
01:20:43]} {[%emt 00:01:14]} 13. Nd4 {[%clk 01:17:36]} {[%emt 00:03:09]} Bc4
{[%clk 01:19:40]} {[%emt 00:01:10]} 14. f3 {[%clk 01:16:09]} {[%emt 00:01:31]}
Qa5 {[%clk 01:16:40]} {[%emt 00:03:06]} 15. Bd2 {[%clk 01:13:39]} {[%emt
00:02:45]} O-O {[%clk 01:15:15]} {[%emt 00:01:18]} 16. Kf2 {[%clk 01:11:52]}
{[%emt 00:01:53]} Qc7 {[%clk 01:06:44]} {[%emt 00:08:36]} 17. g3 {[%clk
01:04:34]} {[%emt 00:07:23]} e5 {[%clk 01:04:25]} {[%emt 00:02:23]} 18. Nf5
{[%clk 01:01:08]} {[%emt 00:03:41]} e4 {[%clk 01:02:58]} {[%emt 00:01:32]} 19.
f4 {[%clk 01:00:39]} Qd7 {[%clk 01:01:59]} {[%emt 00:01:28]} 20. Ne3 {[%clk
01:00:12]} Ba6 {[%clk 01:01:22]} {[%emt 00:01:13]} 21. Kg2 {[%emt 00:04:06]} d4
{[%clk 01:00:28]} 22. cxd4 {[%clk 00:56:51]} {[%emt 00:00:24]} Qxd4 {[%clk
01:00:28]} {[%emt 00:00:21]} 23. Qe1 {[%clk 00:49:54]} {[%emt 00:06:58]} Rac8
{[%clk 00:58:43]} {[%emt 00:01:38]} 24. Bb4 {[%clk 00:45:58]} {[%emt 00:04:25]}
Rfe8 {[%clk 00:54:30]} {[%emt 00:03:56]} 25. c3 {[%clk 00:43:10]} {[%emt
00:02:56]} Qb6 {[%clk 00:52:52]} {[%emt 00:01:37]} 26. Qf2 {[%clk 00:37:34]}
{[%emt 00:06:08]} Bd3 {[%clk 00:51:46]} {[%emt 00:00:44]} 27. Qd2 {[%clk
00:32:57]} {[%emt 00:04:42]} Red8 {[%clk 00:50:10]} {[%emt 00:01:43]} 28. Qf2
{[%clk 00:30:51]} {[%emt 00:02:15]} a5 {[%clk 00:47:40]} {[%emt 00:02:31]} 29.
Be7 {[%clk 00:30:20]} {[%emt 00:00:33]} Rd7 {[%clk 00:45:35]} {[%emt 00:02:19]}
30. Bxf6 {[%clk 00:29:35]} {[%emt 00:00:39]} Qxf6 {[%clk 00:45:28]} {[%emt
00:00:21]} 31. c4 {[%clk 00:28:09]} {[%emt 00:01:23]} h6 {[%clk 00:41:11]}
{[%emt 00:04:21]} 32. Rhd1 {[%clk 00:23:45]} {[%emt 00:04:59]} Qc6 {[%clk
00:35:53]} {[%emt 00:04:59]} 33. Rac1 {[%clk 00:22:53]} {[%emt 00:00:50]} Rb8
{[%clk 00:33:55]} {[%emt 00:02:04]} 34. Kg1 {[%clk 00:21:37]} {[%emt 00:01:22]}
Rdb7 {[%clk 00:32:50]} {[%emt 00:01:10]} 35. Nd5 {[%clk 00:21:09]} {[%emt
00:00:30]} Qa4 {[%clk 00:31:22]} {[%emt 00:01:44]} 36. f5 {[%clk 00:18:04]}
{[%emt 00:03:00]} Rb2 {[%clk 00:30:36]} {[%emt 00:01:15]} 37. Qf4 {[%clk
00:16:42]} {[%emt 00:01:04]} Qxa2 {[%clk 00:29:13]} {[%emt 00:01:28]} 38. Ne3
{[%clk 00:16:22]} {[%emt 00:00:22]} Be2 {[%clk 00:26:33]} {[%emt 00:02:46]} 39.
Rc2 {[%clk 00:13:39]} {[%emt 00:02:48]} Rxc2 {[%clk 00:20:22]} {[%emt
00:06:25]} 40. Qxb8+ {[%clk 00:09:25]} {[%emt 00:04:13]} Kh7 {[%clk 00:20:17]}
{[%emt 00:00:18]} 41. Rb1 {[%clk 00:08:41]} {[%emt 00:00:37]} Rd2 {[%clk
00:17:19]} {[%emt 00:03:04]} 42. Qb3 {[%clk 00:07:24]} {[%emt 00:01:55]} Bxc4
{[%clk 00:16:17]} {[%emt 00:00:35]} 43. Qxa2 {[%clk 00:06:51]} {[%emt
00:00:38]} Bxa2 {[%clk 00:16:16]} {[%emt 00:00:07]} 44. Ra1 {[%clk 00:06:44]}
{[%emt 00:00:15]} a4 {[%clk 00:15:29]} {[%emt 00:00:49]} 45. Nd1 {[%clk
00:05:23]} {[%emt 00:01:26]} Bb3 {[%clk 00:14:55]} {[%emt 00:00:42]} 46. Nc3
{[%clk 00:05:18]} {[%emt 00:00:08]} e3 {[%clk 00:14:26]} {[%emt 00:01:01]} 47.
Nxa4 {[%clk 00:04:22]} {[%emt 00:00:31]} e2 {[%clk 00:14:18]} {[%emt 00:00:15]}
48. Nc3 {[%clk 00:03:55]} {[%emt 00:00:30]} Rd1+ {[%clk 00:14:14]} {[%emt
00:00:12]} 49. Rxd1 {[%clk 00:03:54]} {[%emt 00:00:05]} exd1=Q+ {[%clk
00:14:14]} {[%emt 00:00:12]} 50. Nxd1 {[%clk 00:03:54]} Bxd1 {[%clk 00:14:09]}
{[%emt 00:00:10]} 51. h3 {[%clk 00:03:54]} h5 {[%clk 00:14:09]} 52. Kf2 {[%clk
00:03:54]} {[%emt 00:00:12]} Kh6 {[%clk 00:14:09]} 53. h4 {[%clk 00:03:41]}
{[%emt 00:00:10]} Bg4 {[%clk 00:14:03]} {[%emt 00:01:39]} 54. Ke3 {[%clk
00:03:41]} Bxf5 {[%clk 00:14:03]} 55. Kf4 {[%clk 00:03:41]} Kg6 {[%clk
00:14:03]} 56. Ke5 {[%clk 00:03:41]} Bg4 {[%clk 00:14:03]} 57. Kf4 {[%clk
00:03:41]} Kf6 {[%clk 00:14:03]} 58. Ke4 {[%clk 00:03:41]} Ke6 {[%clk
00:14:03]} 59. Kf4 {[%clk 00:03:41]} Kd5 {[%clk 00:14:03]} 60. Ke3 {[%clk
00:03:41]} Ke5 {[%clk 00:14:03]} 61. Kd3 {[%clk 00:03:41]} Kd5 {[%clk
00:14:03]} 62. Ke3 {[%clk 00:03:41]} Kc4 {[%clk 00:14:03]} 63. Ke4 {[%clk
00:03:22]} Kc3 {[%clk 00:14:03]} 64. Ke3 {[%clk 00:03:22]} f5 {[%clk 00:14:03]}
{[%emt 00:00:05]} 65. Kf2 {[%clk 00:03:16]} Kd2 {[%clk 00:14:03]} 66. Kg2
{[%clk 00:03:16]} Ke2 {[%clk 00:14:03]} {[%emt 00:00:03]} 67. Kh2 {[%clk
00:03:16]} Kf2 {[%clk 00:14:03]} 68. Kh1 {[%clk 00:03:16]} Kxg3 {[%clk
00:14:03]} 69. Kg1 {[%clk 00:03:16]} {[%emt 00:00:03]} f4 {[%clk 00:14:03]} 70.
Kf1 {[%clk 00:03:16]} f3 {[%clk 00:14:03]} {[%emt 00:00:04]} 71. Kg1 {[%clk
00:03:16]} {[%emt 00:00:04]} f2+ {[%clk 00:14:03]} {[%emt 00:00:07]} 72. Kf1
{[%clk 00:03:16]} {[%emt 00:00:03]} Bh3+ {[%clk 00:14:03]} 73. Ke2 {[%clk
00:03:16]} f1=Q+ {[%clk 00:14:03]} {[%emt 00:00:04]} 74. Ke3 {[%clk 00:03:16]}
Qe1+ {[%clk 00:14:03]} {[%emt 00:00:04]} 75. Kd4 {[%clk 00:03:16]} Kf4 {[%clk
00:14:03]} {[%emt 00:00:08]} 76. Kc5 {[%clk 00:03:16]} Qd2 {[%clk 00:14:03]} 77.
Kc4 {[%clk 00:03:16]} {[%emt 00:00:07]} Ke4 {[%clk 00:14:03]} 78. Kc5 {[%emt
00:00:04]} Qd4+ {[%clk 00:14:03]} 79. Kc6 {[%clk 00:03:16]} Qd5+ {[%clk
00:14:03]} 80. Kb6 {[%clk 00:03:16]} {[%emt 00:00:04]} Qc4 {[%clk 00:14:03]} 81.
Kb7 {[%clk 00:03:16]} {[%emt 00:00:11]} Qc5 {[%clk 00:14:03]} 82. Kb8 {[%clk
00:03:11]} {[%emt 00:00:03]} Qe7 {[%clk 00:14:03]} {[%emt 00:00:04]} 83. Ka8
{[%clk 00:03:11]} {[%emt 00:00:06]} Bc8 {[%clk 00:14:03]} 84. Kb8 {[%clk
00:03:11]} {[%emt 00:00:11]} Qb7# 0-1